Statistics for Capitals Anagrams

Click here to take the quiz!

General Stats

  • This quiz has been taken 20 times
  • The average score is 13 of 20

Answer Stats

HintAnswer% Correct
Pin a Lord, sonLondon
100%
Paris
100%
Moscow
94%
Madrid
82%
No, you read 'emRome
82%
Wok as mock bongBangkok
76%
Am hot sock girlRiga
76%
A mind did blurDublin
71%
Stockholm
71%
A! Hi! Slurp him a bitBrasilia
59%
Minsk
59%
I am hank's vanHavana
53%
Yaounde
53%
Aim at rare busAsmara
47%
Kirk, dial a rapDakar
47%
Palikir
47%
Santiago
47%
Beirut
41%
Thimphu
41%
Satan is our gameMaseru
29%

Score Distribution

Percentile by Number Answered

Percent of People with Each Score

Your Score History

You have not taken this quiz